Statistics for FIFA PREMIER LEAGUE OLD CLUB LOGOS

Click here to take the quiz!

General Stats

  • This quiz has been taken 55 times
  • The average score is 11 of 20

Answer Stats

Answer% Correct
Brighton & Hove Albion
98%
Tottenham
96%
West Ham
94%
Chelsea
85%
Liverpool
83%
Leicester City
77%
Aston Villa
72%
Everton
68%
Bournemouth
60%
Manchester City
53%
Watford
51%
Arsenal
38%
Newcastle United
36%
Burnley
34%
Manchester United
32%
Stoke City
30%
Sunderland
30%
Leeds United
21%
Brentford
9%
Norwich City
4%

Score Distribution

Percentile by Number Answered

Percent of People with Each Score

Your Score History

You have not taken this quiz